00387pab a2200145 454500008004000000100002500040245004900065260000900114300001100123362001500134650002400149700002000173700002000193773002800213180718b1988 xxu||||| |||| 00| 0 eng d aBeckenstein, Alan R. aAn executive's guide to antitrust compliance c1988 a94-102 aSept.-Oct. aExecutives - U.S.A. aKarlene Roberts aH. Landis Gabel aHarvard Business Review